| 000 | 01287nam a2200349 i 4500 | ||
|---|---|---|---|
| 001 | bg | ||
| 003 | BPK | ||
| 005 | 20220601141703.0 | ||
| 008 | 010220s2001 pl a f |001 0 pol | ||
| 015 | _aPB 2001/2590 | ||
| 020 | _a8320813093 | ||
| 020 | _a8320813166 | ||
| 040 |
_aWA N _cBPK |
||
| 041 | 1 |
_apol _heng |
|
| 080 | _a336.764/.768 | ||
| 080 | _a(075.8) | ||
| 100 | 1 |
_aReilly, Frank K. _eAutor |
|
| 245 | 1 | 0 |
_aAnaliza inwestycji i zarządzanie portfelem. _n1 / _cFrank K. Reilly, Keith C. Brown ; red. nauk. przekł. Alojzy Z. Nowak ; tł. Alojzy Z. Nowak [et al.]. |
| 246 | 1 |
_iTyt. oryg.: _aInvestment analysis and portfolio management, _f1997. |
|
| 260 |
_aWarszawa : _bPolskie Wydaw. Ekonomiczne, _c2001. |
||
| 300 |
_a664 s. : _bil. ; _c24 cm. |
||
| 504 | _aBibliogr. przy rozdz. - Indeks. | ||
| 521 | 8 | _aPodręcznik akademicki. | |
| 655 | 4 | _aPodręczniki akademickie | |
| 650 | 4 | _aPapiery wartościowe | |
| 650 | 4 | _aInwestycje | |
| 710 | 2 |
_aPolskie Wydawnictwo Ekonomiczne _4pbl. |
|
| 700 | 1 |
_aNowak, Alojzy Zbigniew _d(1956- ) _eTłumaczenie |
|
| 700 | 1 |
_aBrown, Keith C. _eAutor |
|
| 856 | 4 | 1 |
_uhttp://koha.tu.koszalin.pl/cgi-bin/koha/opac-detail.pl?biblionumber=45475 _yKatalog online BPK |
| 942 |
_2UKD _cKS |
||
| 999 |
_c45475 _d45475 |
||